[Event "BL 0405 (Women)"]
[Site "Germany"]
[Date "2004.11.05"]
[Round "5.2"]
[White "Czaeczine, Anne"]
[Black "Ulms, Sandra"]
[Result "1-0"]
[WhiteElo "2185"]
[BlackElo "2157"]
[PlyCount "59"]
[EventDate "2004.11.06"]
[EventType "team-tourn"]
[EventRounds "11"]
[EventCountry "GER"]
[SourceTitle "EXT 2006"]
[Source "ChessBase"]
[SourceDate "2005.11.24"]
[SourceVersion "1"]
[SourceVersionDate "2005.11.24"]
[SourceQuality "1"]
[WhiteTeam "Grosslehna (W)"]
[BlackTeam "Leipzig Gohlis (W)"]
[WhiteTeamCountry "GER"]
[BlackTeamCountry "GER"]

1. e4 c5 2. Nf3 d6 3. d4 cxd4 4. Nxd4 Nf6 5. Nc3 g6 6. Be3 Bg7 7. f3 0-0 8. Qd2 Nc6 9. Bc4 Bd7 10. Bb3 Qa5 11. 0-0-0 Rfc8 12. Kb1 Ne5 13. h4 Nc4 14. Bxc4 Rxc4 15. Nb3 Qc7 16. g4 Be6 17. h5 a5 18. hxg6 fxg6 19. Bd4 Ra6 20. g5 Nh5 21. Bxg7 Kxg7 22. Nd4 Bf7 23. Nd5 Qd7 24. Rxh5 gxh5 25. Nf5+ Kf8 26. g6 Bxg6 27. Nfxe7 Qe6 28. Rg1 Bf7 29. Qf4 Rc5 30. Rg8# 1-0